Szczegóły MARC21

Grammatik der deutschen Sprache. Bd. 2 /

005 -DATA I CZAS OSTATNIEJ MODYFIKACJI [,]
    • @
    • pole kontrolne
    • 20081203133811.0
020 -Międzynarod. znormalizowany nr książki - ISBN [ , ]
    • a
    • Numer ISBN
    • 3110147521 Find
040 -Instytucja sporządzająca opis [ , ]
    • a
    • Instytucja, która sporządziła opis (NP)
    • SZCZ U/DL
    • c
    • Instytucja, która sporządziła rekord (NP)
    • SZCZ U/DL
    • d
    • Instytucja, która zmodyfikowała rekord (P)
    • SZCZ U/AP
041 -Język dokumentu [0, ]
    • a
    • Język tekstu (P)
    • niemiecki
044 -Kraj miejsca wydania [ , ]
    • a
    • Kraj miejsca wydania
    • Niemcy
942 -Rodzaj dokumentu [ , ]
    • c
    • Rodzaj dokumentu
    • Książka
245 -Strefa tytułu i oznaczenia odpowiedzialności [0,0]
    • a
    • Tytuł
    • Grammatik der deutschen Sprache. Find
    • n
    • Oznaczenie części (P)
    • Bd. 2 /
    • c
    • Pozostałe elementy strefy tytułu i oznaczenia odpowiedzialności (NP)
    • von Gisela Zifonun, Ludger Hoffmann, Bruno Strecker u. Joachim Ballweg [i in.].
260 -Strefa adresu wydawniczego [ , ]
    • a
    • Miejsce wydania (P)
    • Berlin ;
    • a
    • Miejsce wydania (P)
    • New York :
    • b
    • Nazwa wydawcy (P)
    • Walter de Gruyter,
    • c
    • Data wydania (P)
    • 1997.
300 -Strefa opisu fizycznego [ , ]
    • a
    • Określenie formy książki i/lub objętość (NP)
    • IX s., s. 955-1680 ;
    • c
    • Format (NP)
    • 25 cm.
440 -Strefa serii i książki wielotomowej - forma do wyszukiwania [ ,0]
    • a
    • Tytuł (NP)
    • Schriften des Instituts für Deutsche Sprache Find
    • v
    • Numeracja (NP)
    • Bd. 7,2
    • 9
    • KHW
    • 428029
080 -Uniwersalna Klasyfikacja Dziesiętna [ , ]
    • 2
    • Identyfikator wydania tablic
    • UDC-P058
    • a
    • Symbol klasyfikacji
    • 811.112.2'36
    • b
    • Dopowiedzenie
    • Gramatyka języka niemieckiego.
    • x
    • Poddział wspólny
    • =112.2
    • b
    • Dopowiedzenie
    • =Język niemiecki (wysokoniemiecki, standardowy niemiecki).
980 -Symbol UKD [ , ]
    • a
    • UKD
    • 811.112.2'36=112.2
700 -Hasło dodatkowe - nazwa osobowa [1, ]
    • a
    • Nazwa osobowa (NP)
    • Zifonun, Gisela. Find
700 -Hasło dodatkowe - nazwa osobowa [1, ]
    • a
    • Nazwa osobowa (NP)
    • Hoffmann, Ludger Find
    • d
    • Daty biograficzne (NP)
    • (1951- ).
700 -Hasło dodatkowe - nazwa osobowa [1, ]
    • a
    • Nazwa osobowa (NP)
    • Strecker, Bruno. Find
700 -Hasło dodatkowe - nazwa osobowa [1, ]
    • a
    • Nazwa osobowa (NP)
    • Ballweg, Joachim. Find
920 -ISBN [ , ]
    • a
    • ISBN
    • 3-11-014752-1 Find
Lokalizacja Sygnatura Status udost. Data inwentaryzacji Numer inwentarzowy
BMGERM. Gramatyka 1512008-11-20G.18646